000 00399nam a22001697a 4500
005 20230819152459.0
008 230816b |||||||| |||| 00| 0 eng d
020 _a978-93-86310-63-7
041 _aeng
082 _a618.9 CHO-C
100 _aATUL, CHOUBE
_98048
245 _aCONCEPTS IN PEDIATRICS NEUROLOGY
260 _aNEW DELHI
_bCBS
300 _a349;p
650 _aBPT
_98049
942 _cBK
999 _c8358
_d8356